000 01198nam2a22002531 4500
001 rc\4279321
005 20250611145222.0
035 _a(NLR Aleph) 008244696
090 _a8298749
_c8298749
100 _a20130416d1959 |||y0rusy50 ca
101 0 _arus
102 _aRU
105 _ay z |||||
200 1 _aАсбест
_fСост. В.Е. Яганова
210 _d1959
_aБ. м.
215 _a26 с.
333 _aРассылается по списку. Экз. № 5
461 0 _1001rc\4279303
_12001#$aБаланс запасов полезных ископаемых СССР на 1 января 1959 года$eВып. 1-$fМ-во геологии и охраны недр СССР. Всесоюз. геол. фонд$vВып. 56
_98298644
_cМосква
_d1959
_fМ-во геологии и охраны недр СССР. Всесоюз. геол. фонд
_nГосгеолтехиздат
_oВып. 1-
_tБаланс запасов полезных ископаемых СССР на 1 января 1959 года
_vВып. 56
702 1 _aЯганова
_bВ.Е.
_4220
801 0 _aRU
_bNLR
_gpsbo
801 1 _aRU
_bELAR
_2rusmarc
852 _aNLR
_j59-7/1533
942 _cBOOK
980 _aNB